Doctrina social de la Iglesia y economía para el desarrollo / (Record no. 94143)
[ view plain ]
| 000 -LEADER | |
|---|---|
| campo de control de longitud fija | 01611cam a22003857a 4500 |
| 001 - NÚMERO DE CONTROL | |
| campo de control | 28447 |
| 005 - FECHA Y HORA DE LA ÚLTIMA TRANSACCIÓN | |
| campo de control | 20230410142343.0 |
| 008 - DATOS DE LONGITUD FIJA--INFORMACIÓN GENERAL | |
| campo de control de longitud fija | 980316s1992 pn b 100 0 spa d |
| 035 ## - NÚMERO DE CONTROL DEL SISTEMA | |
| Número de control de sistema | (DLC) 98126470 |
| 035 ## - NÚMERO DE CONTROL DEL SISTEMA | |
| Número de control de sistema | 156709 |
| 010 ## - NÚMERO DE CONTROL DE LA BIBLIOTECA DEL CONGRESO | |
| Número de control de LC | 98126470 |
| 020 ## - NÚMERO INTERNACIONAL ESTÁNDAR DEL LIBRO | |
| Número Internacional Estándar del Libro | 1558151958 |
| 035 ## - NÚMERO DE CONTROL DEL SISTEMA | |
| Número de control de sistema | (CSt)notisAMD5238 |
| 035 ## - NÚMERO DE CONTROL DEL SISTEMA | |
| Número de control de sistema | (OCoLC)27251600 |
| 035 ## - NÚMERO DE CONTROL DEL SISTEMA | |
| Número de control de sistema | (CStRLIN)CSUGAMD5238-B |
| 040 ## - FUENTE DE CATALOGACIÓN | |
| Centro catalogador/agencia de origen | GZM |
| Centro/agencia transcriptor | GZM |
| Centro/agencia modificador | AUM |
| -- | NYP |
| -- | CSt |
| -- | DLC |
| 042 ## - CÓDIGO DE AUTENTICACIÓN | |
| Código de autenticación | lccopycat |
| 050 14 - SIGNATURA TOPOGRÁFICA DE LA BIBLIOTECA DEL CONGRESO | |
| Número de clasificación | BX 1753 |
| Número de ítem | D637 1992 |
| 245 00 - MENCIÓN DEL TÍTULO | |
| Título | Doctrina social de la Iglesia y economía para el desarrollo / |
| Mención de responsabilidad, etc. | editado por Oscar Andrés Rodríguez, Nicolás Ardito Barletta, Rolf Lüders Sch. |
| 250 ## - MENCION DE EDICION | |
| Mención de edición | [2a ed.]. |
| 260 ## - PUBLICACIÓN, DISTRIBUCIÓN, ETC. | |
| Lugar de publicación, distribución, etc. | Panamá : |
| Nombre del editor, distribuidor, etc. | Centro Internacional para el Desarrollo Económico, |
| Fecha de publicación, distribución, etc. | 1992. |
| 300 ## - DESCRIPCIÓN FÍSICA | |
| Extensión | 276 p. ; |
| Dimensiones | 23 cm. |
| 500 ## - NOTA GENERAL | |
| Nota general | "Ponencias presentadas en la Conferencia 'La Doctrina Social de la Iglesia y la Política Económica para el Desarrollo' efectuada en Santo Domingo en abril 10-12, 1991"--P. 7. |
| 504 ## - NOTA DE BIBLIOGRAFÍA, ETC. | |
| Nota de bibliografía, etc. | Includes bibliographical references. |
| 650 #0 - PUNTO DE ACCESO ADICIONAL DE MATERIA--TÉRMINO DE MATERIA | |
| Término de materia o nombre geográfico como elemento de entrada | Christian sociology |
| Subdivisión general | Catholic Church |
| Subdivisión de forma | Congresses. |
| 650 #0 - PUNTO DE ACCESO ADICIONAL DE MATERIA--TÉRMINO DE MATERIA | |
| Término de materia o nombre geográfico como elemento de entrada | Economics |
| Subdivisión general | Religious aspects |
| -- | Catholic Church |
| Subdivisión de forma | Congresses. |
| 700 1# - ENTRADA AGREGADA--NOMBRE PERSONAL | |
| Nombre de persona | Rodríguez, Oscar Andrés. |
| 700 2# - ENTRADA AGREGADA--NOMBRE PERSONAL | |
| Nombre de persona | Ardito Barletta, Nicolás. |
| 700 2# - ENTRADA AGREGADA--NOMBRE PERSONAL | |
| Nombre de persona | Luders Schwarzenberg, Rolf. |
| 710 22 - ENTRADA AGREGADA--NOMBRE DE ENTIDAD CORPORATIVA | |
| Nombre de entidad corporativa o nombre de jurisdicción como elemento de entrada | Catholic Church. |
| Unidad subordinada | Pope (1978-2005 : John Paul II). |
| Título de la obra | Centesimus annus. |
| Lenguaje de la obra | Spanish. |
| 711 2# - ENTRADA AGREGADA--NOMBRE DE REUNIÓN | |
| Nombre de congreso/reunión o jurisdicción como elemento de entrada | Conferencia "La Doctrina Social de la Iglesia y la Política Económica para el Desarrollo" |
| Fecha del congreso o de la firma del tratado | (1991 : |
| Sede del congreso/Lugar de la reunión | Santo Domingo, Dominican Republic) |
| 942 ## - ELEMENTOS DE ENTRADA SECUNDARIOS (KOHA) | |
| Fuente del sistema de clasificación o colocación | Clasificación de Library of Congress |
| Tipo de ítem Koha | |
| 922 ## - | |
| -- | ad |
| 985 ## - | |
| -- | GAP |
| Estatus retirado | Estado de pérdida | Fuente del sistema de clasificación o colocación | Estado de daño | No para préstamo | Colección | Biblioteca de origen | Biblioteca actual | Ubicación en estantería | Fecha de adquisición | Serial enumeration / chronology | Signatura topográfica completa | Código de barras | Visto por última vez | Copia número | Tipo de ítem Koha |
|---|---|---|---|---|---|---|---|---|---|---|---|---|---|---|---|
| Clasificación de Library of Congress | Humanidades | Biblioteca Juan Bosch | Biblioteca Juan Bosch | Humanidades (4to. Piso) | 10/04/2023 | 1 | BX 1753 D637 1992 | 00000032046 | 17/11/2018 | 1 |
